Український вісник. Газета Координаційної ради українців Грузії (КРУГ) (Запис № 572671)

МАРК-запис
000 -Лідер
fixed length control field 00806 a2200217 4500
001 - Контрольний номер
control field 216222528
003 - Ідентифікатор контрольного номера
control field UA-OsUOA
005 - Дата та час останнього входження (трансакції)
control field 20220706095218.0
008 - Елементи даних фіксованої довжини – загальна інформація
fixed length control field 220627b un ||||| |||| 00| 0 ukr d
040 ## - Джерело каталогізації
Агенція оригінальної каталогізації UA-OsUOA
Мова каталогізації ukr
Агенція, яка здійснювала перезапис UA-OsUOA
Агенція, яка здійснювала модифікацію UA-OsUOA
041 ## - Код мови
Код мови тексту/ звукової доріжки чи окремого заголовка (П) ukr
080 ## - Індекс Універсальної десяткової класифікації
Індекс Універсальної десяткової класифікації (УДК) (НП) 050
090 ## - Локальний шифр розміщення
Класифікаційний індекс УДК 050
Авторський знак (НП) У45
245 ## - Відомості про назву
Назва (НП) Український вісник. Газета Координаційної ради українців Грузії (КРУГ)
Номер частини/ розділу роботи (П) 2002: № 1; 2004: №3; 2006: №6; 2011: №40
260 ## - Публікація, розповсюдження і т.п. (Вихідні дані)
Місце публікації, розповсюдження і т.п. (П) Тбілісі
591 ## - Дарувальник
Прізвище та ініціали особи Школьна Олена
650 ## - Додаткове предметне введення – тематичний термін
Джерело заголовка чи терміна UDC
Тематичний термін чи географічна назва, як елемент введення (НП) 050 Періодичні видання
942 ## - Додаткові елементи входу (Коха)
Тип елемента Koha Газета
Source of classification or shelving scheme Universal Decimal Classification
955 ## - Код типу видання за змістом
Код типу видання за змістом (НП) інше
Фонди
Стан вилучень Стан втрат Джерело класифікації або схеми стелажів Стан уражень Не для кредиту Постійне місце розташування Поточне розміщення Дата придбання Джерело придбання Вартість, звичайна ціна покупки Усього замовленно Повний номер виклику Штрих-код Дата останнього перегляду Ціна ефективна від Тип елемента Koha
    Universal Decimal Classification     Наукова бібліотека ІДУД Наукова бібліотека ІДУД 27/06/2022 Акт надходження № 3 (24.06.2022 від Школьної Олени) 1.00   050 У45 216222528 27/06/2022 27/06/2022 Газета